[Event "Swiss Queens Wed #9"]
[Site "FIDE Online Arena INT"]
[Date "2024.03.27"]
[Round "9"]
[White "Aishwarya, N."]
[Black "Hilario, Aleyla"]
[Result "1-0"]
[WhiteElo "1482"]
[BlackElo "1932"]
[PlyCount "53"]
[EventDate "2024.03.27"]
[EventType "swiss (blitz)"]
[EventRounds "11"]
[EventCountry "NET"]
[SourceTitle "CB14_2024"]
[SourceDate "2024.04.01"]
[SourceVersion "1"]
[SourceVersionDate "2024.04.01"]
[SourceQuality "1"]

1. d4 d5 2. c4 c6 3. Nf3 Nf6 4. Nc3 dxc4 5. e4 b5 6. a4 b4 7. e5 bxc3 8. exf6 cxb2 9. Bxb2 exf6 10. Bxc4 Be7 11. 0-0 0-0 12. Qc2 Nd7 13. Bd3 Bb7 14. Bxh7+ Kh8 15. Bd3 Rc8 16. Rae1 c5 17. Qb1 c4 18. Bc2 c3 19. Re3 cxb2 20. Ne5 g5 21. Rh3+ Kg8 22. Bb3 f5 23. Qxf5 Be4 24. Qxe4 Nf6 25. Qf5 Nh5 26. Rxh5 Bf6 27. Qh7# 1-0

[Event "Swiss Queens Wed #9"]
[Site "FIDE Online Arena INT"]
[Date "2024.03.27"]
[Round "7"]
[White "Aishwarya, N."]
[Black "Milner, Romi"]
[Result "1-0"]
[WhiteElo "1482"]
[BlackElo "1830"]
[PlyCount "51"]
[EventDate "2024.03.27"]
[EventType "swiss (blitz)"]
[EventRounds "11"]
[EventCountry "NET"]
[SourceTitle "CB14_2024"]
[SourceDate "2024.04.01"]
[SourceVersion "1"]
[SourceVersionDate "2024.04.01"]
[SourceQuality "1"]

1. d4 d5 2. c4 e6 3. Nc3 Nf6 4. Nf3 Be7 5. e3 0-0 6. Bd3 dxc4 7. Bxc4 a6 8. 0-0 b5 9. Bd3 Bb7 10. Qc2 Bxf3 11. gxf3 Nbd7 12. Kh1 c5 13. Rg1 b4 14. Ne4 cxd4 15. exd4 Rc8 16. Qb1 Nxe4 17. Bxe4 Nf6 18. Bh6 Nxe4 19. Rxg7+ Kh8 20. Qxe4 f5 21. Qxe6 Bf6 22. Rag1 Qxd4 23. Rxh7+ Kxh7 24. Qxf5+ Kh8 25. Bxf8 Rxf8 26. Qh5# 1-0

[Event "Swiss Queens Wed #9"]
[Site "FIDE Online Arena INT"]
[Date "2024.03.27"]
[Round "4"]
[White "Pinto, Niyola"]
[Black "Aishwarya, N."]
[Result "1-0"]
[WhiteElo "1409"]
[BlackElo "1482"]
[PlyCount "27"]
[EventDate "2024.03.27"]
[EventType "swiss (blitz)"]
[EventRounds "11"]
[EventCountry "NET"]
[SourceTitle "CB14_2024"]
[SourceDate "2024.04.01"]
[SourceVersion "1"]
[SourceVersionDate "2024.04.01"]
[SourceQuality "1"]

1. d4 Nf6 2. e3 e6 3. Bd3 d5 4. f4 Bd6 5. Nf3 b6 6. 0-0 c5 7. c3 0-0 8. Nbd2 Bb7 9. Ne5 Nbd7 10. Rf3 Ne8 11. Bxh7+ Kxh7 12. Rh3+ Kg8 13. Qh5 Bxe5 14. Qh8# 1-0

[Event "Swiss Queens Wed #7"]
[Site "FIDE Online Arena INT"]
[Date "2024.03.13"]
[Round "4"]
[White "Aishwarya, N."]
[Black "Nevska, Gerda"]
[Result "0-1"]
[WhiteElo "1482"]
[BlackElo "1872"]
[PlyCount "46"]
[EventDate "2024.03.13"]
[EventType "swiss (blitz)"]
[EventRounds "11"]
[EventCountry "NET"]
[SourceTitle "CB12_2024"]
[SourceDate "2023.10.01"]
[SourceVersion "1"]
[SourceVersionDate "2023.10.01"]
[SourceQuality "1"]

1. d4 Nc6 2. c4 e5 3. d5 Nce7 4. Nf3 Ng6 5. Nc3 Nf6 6. e4 Bc5 7. Bd3 a5 8. Be3 Bxe3 9. fxe3 0-0 10. h3 c6 11. 0-0 cxd5 12. exd5 Qb6 13. Bxg6 Qxe3+ 14. Kh1 fxg6 15. Re1 Qf2 16. Rxe5 d6 17. Re2 Qg3 18. Ne4 Nxe4 19. Rxe4 Bxh3 20. gxh3 Qxh3+ 21. Nh2 Rf2 22. Qg1 Raf8 23. Qb1 Qg2# 0-1

[Event "Swiss Queens Wed #7"]
[Site "FIDE Online Arena INT"]
[Date "2024.03.13"]
[Round "11"]
[White "Narahari, Akshaya"]
[Black "Aishwarya, N."]
[Result "1-0"]
[WhiteElo "1466"]
[BlackElo "1482"]
[PlyCount "69"]
[EventDate "2024.03.13"]
[EventType "swiss (blitz)"]
[EventRounds "11"]
[EventCountry "NET"]
[SourceTitle "CB12_2024"]
[SourceDate "2023.10.01"]
[SourceVersion "1"]
[SourceVersionDate "2023.10.01"]
[SourceQuality "1"]

1. e4 c5 2. Nf3 e6 3. d4 cxd4 4. Nxd4 Nc6 5. Nc3 Qc7 6. Be3 a6 7. Qd2 b5 8. a3 d6 9. 0-0-0 Nf6 10. f4 Be7 11. Nxc6 Qxc6 12. e5 dxe5 13. fxe5 Nd7 14. Bd4 0-0 15. Bd3 b4 16. axb4 Bxb4 17. Be4 Bxc3 18. Bxc6 Bxd2+ 19. Rxd2 Rb8 20. Ba7 Rxb2 21. Kxb2 Nxe5 22. Ba4 Nc4+ 23. Kc3 Nxd2 24. Kxd2 Bb7 25. Rg1 Rd8+ 26. Kc3 Rc8+ 27. Kb3 Bd5+ 28. Kb2 Rc7 29. Be3 Rb7+ 30. Bb3 a5 31. Ra1 Rb5 32. Bd2 Bxg2 33. Rxa5 Rxa5 34. Bxa5 f5 35. Bxe6+ 1-0

[Event "Swiss Queens Wed #7"]
[Site "FIDE Online Arena INT"]
[Date "2024.03.13"]
[Round "3"]
[White "Tripurambika, V."]
[Black "Aishwarya, N."]
[Result "1/2-1/2"]
[WhiteElo "1626"]
[BlackElo "1482"]
[PlyCount "120"]
[EventDate "2024.03.13"]
[EventType "swiss (blitz)"]
[EventRounds "11"]
[EventCountry "NET"]
[SourceTitle "CB12_2024"]
[SourceDate "2023.10.01"]
[SourceVersion "1"]
[SourceVersionDate "2023.10.01"]
[SourceQuality "1"]

1. d4 Nf6 2. Nc3 e6 3. Bf4 d5 4. e3 Bd6 5. Nf3 0-0 6. Bd3 Bxf4 7. exf4 b6 8. g3 c5 9. 0-0 Nc6 10. Bb5 Bb7 11. Re1 a6 12. Bf1 Nxd4 13. Nxd4 cxd4 14. Qxd4 Qc7 15. Bg2 b5 16. a3 Nd7 17. Rad1 f6 18. Rxe6 Nc5 19. Ree1 Ne4 20. Nxe4 dxe4 21. Bxe4 Bxe4 22. Qxe4 Kh8 23. c3 h6 24. Qf5 Rae8 25. Qd5 Rd8 26. Qe6 Rfe8 27. Qxa6 Rxe1+ 28. Rxe1 Qc5 29. Qb7 Rd2 30. Re8+ Kh7 31. Qe4+ f5 32. Qe3 Rd1+ 33. Kg2 Qc6+ 34. Qf3 Rg1+ 35. Kxg1 Qxf3 36. Re3 Qd1+ 37. Kg2 Qd5+ 38. Kh3 Qb3 39. Re2 Qd1 40. Re5 g5 41. Rxf5 Kg6 42. Rxb5 Qf1+ 43. Kg4 h5+ 44. Kf3 Qd1+ 45. Kg2 Qd3 46. Rb6+ Kf5 47. fxg5 Kxg5 48. h4+ Kg4 49. Rb4+ Kf5 50. a4 Ke6 51. a5 Qd5+ 52. Kh2 Qxa5 53. b3 Qc5 54. Rc4 Qxf2+ 55. Kh3 Qf5+ 56. Kg2 Qc2+ 57. Kh3 Qf5+ 58. Kh2 Qf2+ 59. Kh1 Qf1+ 60. Kh2 Qf2+ 1/2-1/2

[Event "Swiss Queens Wed #6"]
[Site "FIDE Online Arena INT"]
[Date "2024.03.06"]
[Round "10"]
[White "Nevska, Gerda"]
[Black "Aishwarya, N."]
[Result "0-1"]
[WhiteElo "1872"]
[BlackElo "1482"]
[PlyCount "64"]
[EventDate "2024.03.06"]
[EventType "swiss (blitz)"]
[EventRounds "11"]
[EventCountry "NET"]
[SourceTitle "CB11_2024"]
[SourceDate "2024.03.13"]
[SourceVersion "1"]
[SourceVersionDate "2024.03.13"]
[SourceQuality "1"]

1. e4 c5 2. b4 cxb4 3. d4 e6 4. a3 bxa3 5. Nxa3 Be7 6. Bf4 d6 7. Nf3 h6 8. Bb5+ Bd7 9. Qd3 g5 10. Bg3 h5 11. h3 Nh6 12. Bxd7+ Qxd7 13. Nb5 a6 14. 0-0 Nc6 15. Qc3 Rc8 16. Na3 b5 17. Qe3 g4 18. Nh2 gxh3 19. gxh3 h4 20. Bf4 Ng8 21. Ng4 Nf6 22. Kh2 Nxg4+ 23. hxg4 e5 24. Bg5 Qxg4 25. Rg1 Qh5 26. Bxe7 Kxe7 27. c3 Rcg8 28. d5 Rg3 29. fxg3 hxg3+ 30. Kxg3 Qh2+ 31. Kf3 Rh3+ 32. Rg3 Rxg3# 0-1

[Event "Swiss Queens Wed #5"]
[Site "FIDE Online Arena INT"]
[Date "2024.02.28"]
[Round "1"]
[White "Aishwarya, N."]
[Black "Ambartsumova, Karina"]
[Result "0-1"]
[WhiteElo "1137"]
[BlackElo "2418"]
[PlyCount "78"]
[EventDate "2024.02.28"]
[EventType "swiss (blitz)"]
[EventRounds "11"]
[EventCountry "NET"]
[SourceTitle "CB10_2024"]
[SourceDate "2024.03.06"]
[SourceVersion "1"]
[SourceVersionDate "2024.03.06"]
[SourceQuality "1"]

1. d4 Nf6 2. Nf3 e6 3. c4 d5 4. Nc3 Bb4 5. Qc2 c5 6. cxd5 exd5 7. a3 Bxc3+ 8. bxc3 0-0 9. Bg5 h6 10. Bh4 Nc6 11. e3 c4 12. Ne5 Re8 13. Nxc4 dxc4 14. Bxc4 Be6 15. Bxf6 Qxf6 16. d5 Ne5 17. dxe6 Nxc4 18. exf7+ Qxf7 19. 0-0 Rad8 20. Rfd1 b6 21. a4 Rf8 22. Rd4 Ne5 23. Rad1 Rc8 24. Qd2 Qc7 25. f4 Nf7 26. c4 Rfd8 27. e4 Rxd4 28. Qxd4 Qxc4 29. Qxc4 Rxc4 30. e5 Rxf4 31. e6 Re4 32. exf7+ Kxf7 33. Rd7+ Re7 34. Rd4 Kf6 35. Kf2 a6 36. g4 Rb7 37. Kf3 Kf7 38. Kf4 b5 39. Rb4 Ke6 0-1

[Event "Swiss Queens Wed #5"]
[Site "FIDE Online Arena INT"]
[Date "2024.02.28"]
[Round "9"]
[White "Kruusiauk, Heda"]
[Black "Aishwarya, N."]
[Result "0-1"]
[WhiteElo "1677"]
[BlackElo "1137"]
[PlyCount "54"]
[EventDate "2024.02.28"]
[EventType "swiss (blitz)"]
[EventRounds "11"]
[EventCountry "NET"]
[SourceTitle "CB10_2024"]
[SourceDate "2024.03.06"]
[SourceVersion "1"]
[SourceVersionDate "2024.03.06"]
[SourceQuality "1"]

1. e4 c5 2. Nf3 d6 3. c3 Nc6 4. d3 b6 5. Be2 Bb7 6. 0-0 g6 7. Be3 Bg7 8. Nbd2 e6 9. Rc1 Nge7 10. Re1 0-0 11. Nf1 f5 12. Ng5 Qd7 13. Qb3 d5 14. h4 h6 15. Nh3 Na5 16. Qc2 Rac8 17. exf5 Nxf5 18. h5 g5 19. Bd2 d4 20. c4 Nh4 21. g3 Qc6 22. f3 g4 23. Nf4 gxf3 24. Bxf3 Nxf3+ 25. Kf2 Nxd2 26. Qxd2 Rxf4+ 27. gxf4 Qg2# 0-1

[Event "Swiss Queens Wed #5"]
[Site "FIDE Online Arena INT"]
[Date "2024.02.28"]
[Round "2"]
[White "Lesbekova, Asel"]
[Black "Aishwarya, N."]
[Result "1-0"]
[WhiteElo "1805"]
[BlackElo "1137"]
[PlyCount "77"]
[EventDate "2024.02.28"]
[EventType "swiss (blitz)"]
[EventRounds "11"]
[EventCountry "NET"]
[SourceTitle "CB10_2024"]
[SourceDate "2024.03.06"]
[SourceVersion "1"]
[SourceVersionDate "2024.03.06"]
[SourceQuality "1"]

1. e4 c5 2. Nf3 d6 3. Bb5+ Nc6 4. d4 cxd4 5. Nxd4 Bd7 6. 0-0 Nf6 7. Re1 a6 8. Nxc6 bxc6 9. Bf1 d5 10. exd5 cxd5 11. c4 dxc4 12. Bxc4 e6 13. Bf4 Bc5 14. Bd6 Bxd6 15. Qxd6 Rb8 16. b3 Rb6 17. Qa3 Bb5 18. Bxb5+ axb5 19. Qc5 Rd6 20. Qxb5+ Nd7 21. Qb4 Nf6 22. Nc3 0-0 23. a4 Nd5 24. Nxd5 Rxd5 25. h3 Rd4 26. Qc5 Rd5 27. Qc1 Qd7 28. b4 Rc8 29. Qb1 Rd2 30. Rd1 Qd4 31. Rxd2 Qxd2 32. Qe1 Qd4 33. Rd1 Qf6 34. b5 h6 35. b6 Ra8 36. a5 Qe7 37. Qc3 Qb7 38. Qc7 Rc8 39. Qxb7 1-0